Nueva historia de Roma

Uloženo v:
Podrobná bibliografie
Hlavní autor: Homo, León (autor)
Další autoři: Farran Y Mayoral, J. (traducción del fránces)
Médium: Kniha
Jazyk:španělština
Vydáno: Barcelona, España: Iberia, 1965
Vydání:Quinta edición.
Témata:
Tagy: Přidat tag
Žádné tagy, Buďte první, kdo vytvoří štítek k tomuto záznamu!

MARC

LEADER 00000nam a2200000 a 4500
001 UCY0508
003 CL-VaPUC
005 20250416144609.0
008 940803e19650000SP |||||||||||||||||spa|d
999 |c 229497  |d 229495 
040 |c Pontificia Universidad Católica de Valparaíso 
082 0 4 |a 937 HOM 1965  |2 21 
100 1 |a Homo, León  |e autor  |9 439461 
245 1 0 |a Nueva historia de Roma 
250 |a Quinta edición. 
260 |a Barcelona, España:  |b Iberia,  |c 1965 
300 |a 470 páginas 
583 |a last modification  |c 19940803 00:00:00  |k Rodrigo Vera 
650 0 |a Historia de Roma  |9 255047 
650 0 |a Civilización romana  |9 438909 
650 0 |a Imperio romano  |9 322785 
700 |a Farran Y Mayoral, J.  |e traducción del fránces  |9 902167 
942 |c BK  |2 ddc 
945 |d 19940803 00:00:00  |a mfernand 
952 |0 0  |1 0  |2 ddc  |4 0  |6 937_000000000000000_HOM_1965  |7 0  |8 A  |9 230703  |a BIBDER  |b BIBDER  |d 2019-11-15  |i 3001067  |o 937 HOM 1965  |p 3001067  |r 2023-01-25  |t 1  |w 2019-11-15  |y BK  |k DER 
952 |0 0  |1 0  |2 ddc  |4 0  |6 937_000000000000000_HOM_1965  |7 0  |8 A  |9 230704  |a BIBDER  |b BIBDER  |d 2019-11-15  |i 3001059  |o 937 HOM 1965  |p 3001059  |r 2023-01-25  |t 2  |w 2019-11-15  |y BK  |k DER 
952 |0 0  |1 0  |2 ddc  |4 0  |6 937_000000000000000_HOM_1965  |7 0  |8 DER_ROM  |9 230705  |a BIBDER  |b BIBDER  |d 2019-11-15  |i 1928309  |o 937 HOM 1965  |p 1928309  |r 2023-01-25  |t 3  |w 2019-11-15  |x Ubicación 4to piso  |y BK  |z Este recurso debe solicitarse con anticipación  |k DER 
952 |0 0  |1 0  |2 ddc  |4 0  |6 937_000000000000000_HOM_1965  |7 0  |8 A  |9 230706  |a BIBHIS  |b BIBHIS  |d 2019-11-15  |i 1367978  |o 937 HOM 1965  |p 1367978  |r 2025-01-20  |t 4  |w 2019-11-15  |y BK  |k HIS